Estudio y Diseño del Sistema de Drenaje Pluvial de la Ciudad de Tipitapa
El presente documento contiene información general sobre el área de estudio, incluyendo aspectos geográficos, población, hidrológicos, físicos y sociales que son de interés para el proyecto sobre diseño de sistema de drenaje pluvial de la ciudad de Tipitapa. La estimación de caudales de dis...
| Main Authors: | , |
|---|---|
| Other Authors: | |
| Format: | Tesis Section = Libro |
| Language: | Undetermined Spanish |
| Published: |
Managua
UNI
1997
|
| Subjects: |
| LEADER | 01253nam a2200241Ia 4500 | ||
|---|---|---|---|
| 008 | 240830s9999 xx 000 0 und d | ||
| 040 | |a BIBLIOTECA-RUPAP MON 628.2 M791 | ||
| 041 | |a spa | ||
| 082 | |a MON 628.2 M791 | ||
| 100 | 1 | |a Montiel, Marvin Antonio | |
| 100 | 1 | |b Francisco Javier, Latino Carcache | |
| 245 | 1 | 0 | |a Estudio y Diseño del Sistema de Drenaje Pluvial de la Ciudad de Tipitapa |
| 260 | |a Managua |b UNI |c 1997 | ||
| 300 | |a 215 p. :il. | ||
| 500 | |a Contiene: anexos, gróficos, planos y tablas. | ||
| 502 | |a Tesis (Ingeniero Civil)- UNI, 1997. | ||
| 520 | 3 | |a El presente documento contiene información general sobre el área de estudio, incluyendo aspectos geográficos, población, hidrológicos, físicos y sociales que son de interés para el proyecto sobre diseño de sistema de drenaje pluvial de la ciudad de Tipitapa. La estimación de caudales de diseño, cálculos hidráulicos, cálculos topográficos, presupuestos de transporte, materiales, mano de obra y equipo, planos, mapas, gráficos concernientes al proyecto. | |
| 650 | 7 | |a INGENIERIA SANITARIA | |
| 650 | 7 | |b ALCANTARRILLADO DRENAJE - TIPITAPA | |
| 700 | 1 | |a Tutor: |b Baldizón Aguilar, María Elena | |
| 942 | |c BK |2 ddc | ||
| 991 | |a TESIS | ||
| 999 | |c 16329 | ||